Introduction to the theory of numbers, 5/e (Record no. 298838)

000 -LEADER
fixed length control field 00313 a2200133 4500
001 - CONTROL NUMBER
control field 63765
082 ## - DEWEY DECIMAL CLASSIFICATION NUMBER
Classification number 512.7 NIV
090 ## - LOCALLY ASSIGNED LC-TYPE CALL NUMBER (OCLC); LOCAL CALL NUMBER (RLIN)
-- 37742
-- 37742
100 ## - MAIN ENTRY--PERSONAL NAME
Personal name Niven,I
245 ## - TITLE STATEMENT
Title Introduction to the theory of numbers, 5/e
250 ## - EDITION STATEMENT
Edition statement 5
260 ## - PUBLICATION, DISTRIBUTION, ETC.
Name of publisher, distributor, etc. John Wiley & Sons, Inc
Place of publication, distribution, etc. NY
Date of publication, distribution, etc. 2004
300 ## - PHYSICAL DESCRIPTION
Extent xiii, 519 p
942 ## - ADDED ENTRY ELEMENTS (KOHA)
Institution code [OBSOLETE] NUST-CAE
Call number prefix 512.7 NIV
Holdings
Withdrawn status Lost status Damaged status Not for loan Collection code Permanent Location Current Location Date acquired Total Checkouts Full call number Barcode Date last seen Price effective from Koha item type
          College of Aeronautical Engineering (CAE) College of Aeronautical Engineering (CAE) 04/03/2017   512.7 NIV CAEN-3412 04/05/2017 04/05/2017 Book
© 2023 Central Library, National University of Sciences and Technology. All Rights Reserved.